Normal view
MARC view
- المسيحون- القدس- تاريخ- القرن19-20
Entry Topical Term
001 - CONTROL NUMBER
- control field: 62678
003 - CONTROL NUMBER IDENTIFIER
- control field: JO-AjAnu
005 - DATE AND TIME OF LATEST TRANSACTION
- control field: 20230606084233.0
008 - FIXED-LENGTH DATA ELEMENTS
- fixed length control field: 230606|| aca||aabn | a|a d
040 ## - CATALOGING SOURCE
- Original cataloging agency: JO-AjAnu
- Transcribing agency: JO-AjAnu
150 ## - HEADING--TOPICAL TERM
- Topical term or geographic name entry element: المسيحون- القدس- تاريخ- القرن19-20
670 ## - SOURCE DATA FOUND
- Source citation: Work cat.: (JO-AjAnu)31961: تأليف أبو جابر، رؤوف سعد , author 62677, الوجود المسيحي في القدس في القرنين التاسع عشروالعشرين